| 000 | 00000nam 2200000za 4500 |
| 001 | 9.676800 |
| 003 | CaOODSP |
| 005 | 20230926102743 |
| 007 | cr ||||||||||| |
| 008 | 150407|1985||||xxc|||||o f|0| 0 fre d |
| 040 | |aCaOODSP|bfre |
| 041 | |aeng |
| 041 | |afre |
| 043 | |an-cn--- |
| 086 | 1 |aYX44-1985/8-PDF |
| 110 | 1 |aCanada.|bStatuts. |
| 245 | 10|aLois révisées du Canada (1985). Vol. VIII / |h[ressource électronique]|c[publ. par] Imprimeur de la reine pour le Canada. |
| 260 | |aOttawa - Ontario : |bStatuts |cc1985. |
| 300 | |a1120p.|bfigures, tableaux |
| 500 | |a« Révision réalisée sous le régime de la Loi sur la révision des lois »--p.1 de 1120. Sommaire : Chap. S-10, Conférences maritimes (loi dérogatoire) à Chap. Y-4, Extraction du quartz dans le Yukon. |
| 590 | |a14-22-Supp|b2014-12-24 |
| 691 | 07|aLégislation|2gcpds |
| 776 | 0#|tRevised Statutes of Canada, 1985, vol. VIII |w(CaOODSP)9.652951 |
| 791 | |tRevised Statutes of Canada, 1985. Vol. VIII / |eeng|w(CaOODSP)9.676799 |
| 856 | 40|ahttp://publications.gc.ca|qPDF|s16.82 Mo|uhttps://publications.gc.ca/collections/collection_2014/lois-statutes/YX44-1985-8.pdf |